000 00567nam a22001937a 4500
003 NUST - PNEC
005 20170116180802.0
008 150415b xxu||||| |||| 00| 0 eng d
020 _a0340849924
040 _cLIBRARY
082 _a613.703 JAM
100 _92600
_aJames, Rob.
245 _aThe complete A-Z physical education handbook
_cRob James
250 _a2th ed.
260 _aLondon
_bHodder & Stoughton
_cc 2000
300 _a288 p.:
650 _92602
_aThe complete A-Z physical education handbook
_xPhysical education and training
942 _2ddc
_cBK
999 _c62998
_d62998